[Event "CZE-chT2A 1011"]
[Site "Czech Republic"]
[Date "2011.01.09"]
[Round "5"]
[White "Hruby, Milan"]
[Black "Mraz, Miroslav"]
[Result "1/2-1/2"]
[WhiteElo "2108"]
[BlackElo "2066"]
[PlyCount "51"]
[EventDate "2010.10.17"]
[EventType "team-tourn"]
[EventRounds "11"]
[EventCountry "CZE"]
[SourceTitle "EXT 2012"]
[Source "ChessBase"]
[SourceDate "2011.11.24"]
[SourceVersion "1"]
[SourceVersionDate "2011.11.24"]
[SourceQuality "1"]
[WhiteTeam "Tabor"]
[BlackTeam "Cesky Krumlov"]
[WhiteTeamCountry "CZE"]
[BlackTeamCountry "CZE"]

1. e4 e6 2. d4 d5 3. Nc3 Nf6 4. Bg5 Bb4 5. e5 h6 6. Bd2 Bxc3 7. bxc3 Ne4 8. Qg4 g6 9. Bd3 Nxd2 10. Kxd2 c5 11. h4 Qa5 12. Nf3 Nc6 13. Qf4 cxd4 14. Nxd4 Nxd4 15. Qxd4 Bd7 16. Rab1 b6 17. Qb4 Qxb4 18. cxb4 Rc8 19. f4 h5 20. Rhc1 Ke7 21. c4 dxc4 22. Rxc4 Rxc4 23. Bxc4 Bc6 24. g3 Rd8+ 25. Ke3 Bd5 26. Bxd5 1/2-1/2

[Event "CZE-chT2A 1011"]
[Site "Czech Republic"]
[Date "2010.11.21"]
[Round "3"]
[White "Pirklova, Hana"]
[Black "Mraz, Miroslav"]
[Result "1-0"]
[WhiteElo "2148"]
[BlackElo "2066"]
[PlyCount "81"]
[EventDate "2010.10.17"]
[EventType "team-tourn"]
[EventRounds "11"]
[EventCountry "CZE"]
[SourceTitle "EXT 2012"]
[Source "ChessBase"]
[SourceDate "2011.11.24"]
[SourceVersion "1"]
[SourceVersionDate "2011.11.24"]
[SourceQuality "1"]
[WhiteTeam "Praha Oaza"]
[BlackTeam "Cesky Krumlov"]
[WhiteTeamCountry "CZE"]
[BlackTeamCountry "CZE"]

1. e4 e6 2. d4 d5 3. e5 c5 4. c3 Nc6 5. Nf3 Qb6 6. a3 f6 7. exf6 Nxf6 8. Bd3 cxd4 9. cxd4 Bd6 10. 0-0 0-0 11. Re1 Bd7 12. Nc3 Rae8 13. Bg5 Re7 14. Rc1 a6 15. Na4 Qd8 16. Nc5 Bc8 17. Ne5 Nb8 18. Re3 b6 19. Nb3 Nbd7 20. Nc6 Qe8 21. Nxe7+ Qxe7 22. Qe2 Nb8 23. Nd2 Qf7 24. Bb1 Bd7 25. Rec3 Qh5 26. Qxh5 Nxh5 27. Nf3 h6 28. Be3 Nf4 29. Re1 Nc6 30. g3 Nh5 31. Kg2 Nf6 32. Rec1 Ne7 33. Ne5 Be8 34. f3 Nd7 35. Nc6 Nf5 36. Bf2 e5 37. dxe5 Nxe5 38. Nxe5 Bxe5 39. Rc8 Ne7 40. R8c2 b5 41. Bc5 1-0

[Event "Bratislava-ch"]
[Site "Bratislava"]
[Date "2003.04.08"]
[Round "6"]
[White "Stit, Peter"]
[Black "Mraz, Miroslav"]
[Result "1-0"]
[WhiteElo "1747"]
[BlackElo "1350"]
[PlyCount "79"]
[EventDate "2003.03.??"]
[EventType "swiss"]
[EventRounds "9"]
[EventCountry "SVK"]
[SourceTitle "EXT 2006"]
[Source "ChessBase"]
[SourceDate "2005.11.24"]
[SourceVersion "1"]
[SourceVersionDate "2005.11.24"]
[SourceQuality "1"]

1. c4 Nf6 2. Nc3 e6 3. Nf3 d5 4. cxd5 Nxd5 5. g3 b6 6. Bg2 Bb7 7. 0-0 Nxc3 8. bxc3 Be7 9. d3 h6 10. Bf4 Bd6 11. Be3 0-0 12. Rb1 Nd7 13. d4 c5 14. Qd2 Be7 15. Rfd1 Rc8 16. Qd3 Bxf3 17. Bxf3 Bg5 18. h4 Bxe3 19. Qxe3 cxd4 20. cxd4 Nf6 21. Qd3 Re8 22. e4 Re7 23. g4 g6 24. Rb5 Qc7 25. Qe3 Qc4 26. Rb3 Qa4 27. Rd2 Kg7 28. g5 hxg5 29. hxg5 Nh7 30. Bd1 Qe8 31. f4 f5 32. e5 Kg8 33. Rb4 b5 34. Bf3 a5 35. Rbb2 b4 36. d5 exd5 37. Bxd5+ Kh8 38. Qb6 Nxg5 39. Qf6+ Kh7 40. Rh2+ 1-0

[Event "Bratislava-ch"]
[Site "Bratislava"]
[Date "2003.03.30"]
[Round "1"]
[White "Mraz, Miroslav"]
[Black "Marcek, Jan"]
[Result "0-1"]
[WhiteElo "1350"]
[BlackElo "1826"]
[PlyCount "50"]
[EventDate "2003.03.??"]
[EventType "swiss"]
[EventRounds "9"]
[EventCountry "SVK"]
[SourceTitle "EXT 2006"]
[Source "ChessBase"]
[SourceDate "2005.11.24"]
[SourceVersion "1"]
[SourceVersionDate "2005.11.24"]
[SourceQuality "1"]

1. d4 Nf6 2. Nf3 d5 3. e3 Bg4 4. c4 c6 5. cxd5 cxd5 6. Be2 Nc6 7. 0-0 Qc7 8. Nc3 a6 9. a3 e6 10. Bd2 Bd6 11. g3 h5 12. Nh4 g5 13. Ng2 Bxe2 14. Nxe2 h4 15. f4 hxg3 16. hxg3 Ne4 17. Qe1 f5 18. Nc3 Nf6 19. Kf2 gxf4 20. exf4 Nxd4 21. Rb1 Ng4+ 22. Kg1 0-0-0 23. Be3 Nxe3 24. Qxe3 Bc5 25. Qd2 Nf3# 0-1

[Event "IECC Swiss email"]
[Site "IECC email"]
[Date "2001.05.16"]
[Round "?"]
[White "Mraz, Miroslav"]
[Black "Femmel, Don"]
[Result "1/2-1/2"]
[WhiteElo "2153"]
[BlackElo "2138"]
[PlyCount "63"]
[EventDate "2001.??.??"]
[EventType "tourn (corr)"]
[EventRounds "6"]
[SourceTitle "Corr 2008"]
[Source "ChessBase"]
[SourceDate "2008.06.24"]
[SourceVersion "1"]
[SourceVersionDate "2008.06.24"]
[SourceQuality "1"]

1. d4 Nf6 2. Nf3 d5 3. c4 e6 4. Nc3 Be7 5. Bg5 h6 6. Bh4 0-0 7. e3 b6 8. cxd5 Nxd5 9. Bxe7 Qxe7 10. Nxd5 exd5 11. Be2 Be6 12. 0-0 c5 13. Qd2 Nd7 14. Rfc1 Rac8 15. b3 Rfd8 16. Qb2 Nf6 17. Ne5 Ne4 18. Bd3 Bf5 19. Rc2 Nd6 20. dxc5 bxc5 21. Bxf5 Nxf5 22. Nf3 d4 23. exd4 cxd4 24. Rd1 Rxc2 25. Qxc2 Nh4 26. Nxh4 Qxh4 27. Qc7 a6 28. Qb6 d3 29. Qxa6 d2 30. Qa5 Qd4 31. h3 Qd3 32. Kh2 1/2-1/2

[Event "IECC Swiss email"]
[Site "IECC email"]
[Date "2000.02.03"]
[Round "?"]
[White "Mraz, Miroslav"]
[Black "Vujadinovic, Milan"]
[Result "1/2-1/2"]
[WhiteElo "2183"]
[BlackElo "2197"]
[PlyCount "28"]
[EventDate "2000.??.??"]
[EventType "tourn (corr)"]
[EventRounds "6"]
[SourceTitle "Corr 2008"]
[Source "ChessBase"]
[SourceDate "2008.06.24"]
[SourceVersion "1"]
[SourceVersionDate "2008.06.24"]
[SourceQuality "1"]

1. d4 g6 2. e4 Bg7 3. Nc3 c6 4. Bc4 d6 5. Qf3 e6 6. Nge2 Qe7 7. a4 Nd7 8. 0-0 Ngf6 9. Bg5 h6 10. Bh4 e5 11. d5 g5 12. Bg3 Nb6 13. Bb3 cxd5 14. exd5 Bg4 1/2-1/2

[Event "Ceske Budejovice op"]
[Site "Ceske Budejovice"]
[Date "2000.??.??"]
[Round "9"]
[White "Mraz, Miroslav"]
[Black "Dittrich, Pavel"]
[Result "1-0"]
[WhiteElo "2040"]
[BlackElo "1955"]
[PlyCount "99"]
[EventDate "2000.??.??"]
[EventType "swiss"]
[EventRounds "9"]
[EventCountry "CZE"]
[SourceTitle "EXT 2003"]
[Source "ChessBase"]
[SourceDate "2002.11.25"]
[SourceVersion "1"]
[SourceVersionDate "2002.11.25"]
[SourceQuality "1"]

1. d4 e6 2. Nf3 f5 3. c4 Nf6 4. Nc3 d5 5. b3 c6 6. a3 Bd6 7. g3 0-0 8. Bg2 Bd7 9. 0-0 h6 10. Qc2 Be8 11. Bb2 Ne4 12. Rae1 Nd7 13. Bc1 Bh5 14. e3 Rf7 15. Ne2 g5 16. Nd2 g4 17. Nf4 Bxf4 18. exf4 Ndf6 19. Rd1 Rh7 20. Rfe1 Qf8 21. Nf1 Bg6 22. b4 h5 23. Qb3 h4 24. a4 hxg3 25. fxg3 Qe7 26. Ba3 Kg7 27. b5 Qd7 28. cxd5 cxd5 29. Rc1 Rhh8 30. Rc2 Rhc8 31. Rec1 Ne8 32. Qb4 N4d6 33. Nd2 Rxc2 34. Rxc2 Rc8 35. Rxc8 Qxc8 36. Qc5 b6 37. Qc6 Qxc6 38. bxc6 a6 39. Bf1 b5 40. Bb4 Nc4 41. axb5 axb5 42. Nb3 Ned6 43. Nc5 Kf6 44. Nb7 Nc8 45. Nc5 N8d6 46. Bxc4 dxc4 47. Nd7+ Ke7 48. Ne5 Be8 49. Kf2 c3 50. Ke3 1-0

[Event "Ceske Budejovice op"]
[Site "Ceske Budejovice"]
[Date "2000.??.??"]
[Round "1"]
[White "Mraz, Miroslav"]
[Black "Mueller, Thomas"]
[Result "1-0"]
[WhiteElo "2040"]
[BlackElo "2180"]
[PlyCount "51"]
[EventDate "2000.??.??"]
[EventType "swiss"]
[EventRounds "9"]
[EventCountry "CZE"]
[SourceTitle "EXT 2003"]
[Source "ChessBase"]
[SourceDate "2002.11.25"]
[SourceVersion "1"]
[SourceVersionDate "2002.11.25"]
[SourceQuality "1"]

1. d4 d5 2. c4 c6 3. Nf3 Nf6 4. Nc3 e6 5. e3 Nbd7 6. Qc2 Bd6 7. Bd3 dxc4 8. Bxc4 e5 9. 0-0 0-0 10. h3 exd4 11. exd4 h6 12. Bd2 Nb6 13. Bb3 Nbd5 14. Nxd5 Nxd5 15. Ne5 Qh4 16. Qd3 Be6 17. Rae1 Rad8 18. Ng6 fxg6 19. Rxe6 Rf6 20. g3 Qh5 21. Rxf6 gxf6 22. g4 Qh4 23. Qxg6+ Kf8 24. Re1 Bh2+ 25. Kh1 Bf4 26. Bxf4 1-0

[Event "IECC CL1-1999.12"]
[Site "IECC email"]
[Date "1999.07.03"]
[Round "?"]
[White "Egold, Hans"]
[Black "Mraz, Miroslav"]
[Result "1/2-1/2"]
[WhiteElo "2047"]
[BlackElo "2207"]
[PlyCount "56"]
[EventDate "1999.??.??"]
[EventType "tourn (corr)"]
[EventRounds "4"]
[SourceTitle "Corr 2008"]
[Source "ChessBase"]
[SourceDate "2008.06.24"]
[SourceVersion "1"]
[SourceVersionDate "2008.06.24"]
[SourceQuality "1"]

1. d4 d5 2. c4 c6 3. Nf3 Nf6 4. Nc3 e6 5. e3 Nbd7 6. Bd3 dxc4 7. Bxc4 b5 8. Bd3 Bd6 9. Ng5 Bb7 10. Qf3 Qb6 11. 0-0 c5 12. Qh3 a6 13. Rd1 Rc8 14. Nce4 Be7 15. Bd2 cxd4 16. exd4 Nxe4 17. Nxe4 Nf6 18. Nc5 Bxc5 19. dxc5 Qxc5 20. Rac1 Qe5 21. Rxc8+ Bxc8 22. Ba5 0-0 23. Bc3 Qh5 24. Qxh5 Nxh5 25. Bb4 Re8 26. Be4 Nf6 27. Bc6 Bd7 28. Bf3 Rc8 1/2-1/2

[Event "IECC CL1-1999.12"]
[Site "IECC email"]
[Date "1999.07.03"]
[Round "?"]
[White "Mraz, Miroslav"]
[Black "Huzen, Paul"]
[Result "0-1"]
[WhiteElo "2202"]
[BlackElo "2326"]
[PlyCount "76"]
[EventDate "1999.??.??"]
[EventType "tourn (corr)"]
[EventRounds "4"]
[SourceTitle "Corr 2008"]
[Source "ChessBase"]
[SourceDate "2008.06.24"]
[SourceVersion "1"]
[SourceVersionDate "2008.06.24"]
[SourceQuality "1"]

1. d4 Nf6 2. Nf3 g6 3. c4 c5 4. Nc3 Bg7 5. e4 0-0 6. Be2 d6 7. 0-0 Nbd7 8. d5 Re8 9. a4 Nf8 10. Re1 e6 11. Bg5 exd5 12. exd5 h6 13. Bd2 Bf5 14. Ra3 g5 15. Be3 Ng4 16. Bc1 Ng6 17. h3 N4e5 18. Nxe5 Nxe5 19. Na2 Ng6 20. Bd3 Rxe1+ 21. Qxe1 Bxd3 22. Rxd3 Qe8 23. Qd1 Qe4 24. b3 Nh4 25. Qf1 Bd4 26. Nc3 Bxc3 27. Rxc3 Nxg2 28. Qd3 Qxd3 29. Rxd3 Nh4 30. f4 Re8 31. Kf2 f6 32. a5 Kf7 33. Bd2 Nf5 34. fxg5 hxg5 35. Bc3 Kg6 36. Rf3 Nd4 37. Bxd4 cxd4 38. Rd3 Re4 0-1

[Event "IECC CL1-1999.12"]
[Site "IECC email"]
[Date "1999.07.03"]
[Round "?"]
[White "Mraz, Miroslav"]
[Black "Jostes, Marko"]
[Result "0-1"]
[WhiteElo "2194"]
[BlackElo "2172"]
[PlyCount "80"]
[EventDate "1999.??.??"]
[EventType "tourn (corr)"]
[EventRounds "4"]
[SourceTitle "Corr 2008"]
[Source "ChessBase"]
[SourceDate "2008.06.24"]
[SourceVersion "1"]
[SourceVersionDate "2008.06.24"]
[SourceQuality "1"]

1. d4 Nf6 2. Nf3 g6 3. c4 Bg7 4. Nc3 0-0 5. e4 d6 6. Be2 e5 7. 0-0 Nc6 8. d5 Ne7 9. Nd2 a5 10. a3 Bd7 11. b3 c6 12. Bb2 Qb6 13. Rc1 c5 14. Rb1 Ne8 15. Nb5 f5 16. Bc3 Bh6 17. exf5 Nxf5 18. Ne4 Bxb5 19. cxb5 Nc7 20. a4 Ne8 21. Bd3 Nf6 22. Nxf6+ Rxf6 23. Bxf5 Rxf5 24. Rb2 Qc7 25. Re1 Raf8 26. Qd3 Qf7 27. f3 b6 28. Bd2 Bxd2 29. Rxd2 Rf4 30. Re4 g5 31. Qe2 h5 32. Rd3 Qf5 33. h3 Rf6 34. Rc4 Rg6 35. Re3 g4 36. fxg4 hxg4 37. Rxf4 Qxf4 38. Qd3 Rg5 39. Rg3 Qd4+ 40. Qxd4 exd4 0-1

[Event "IECC Swiss email"]
[Site "IECC email"]
[Date "1999.03.28"]
[Round "?"]
[White "Mueller, Robert"]
[Black "Mraz, Miroslav"]
[Result "1/2-1/2"]
[WhiteElo "2200"]
[BlackElo "2201"]
[PlyCount "83"]
[EventDate "1999.??.??"]
[EventType "tourn (corr)"]
[EventRounds "6"]
[SourceTitle "Corr 2008"]
[Source "ChessBase"]
[SourceDate "2008.06.24"]
[SourceVersion "1"]
[SourceVersionDate "2008.06.24"]
[SourceQuality "1"]

1. e4 e6 2. d4 d5 3. Nc3 Nf6 4. Bg5 Bb4 5. e5 h6 6. Bd2 Bxc3 7. bxc3 Ne4 8. Qg4 g6 9. Bd3 Nxd2 10. Kxd2 c5 11. Nf3 Nc6 12. dxc5 Qe7 13. Qf4 Qxc5 14. Nd4 Bd7 15. Nb5 0-0 16. Nd6 b5 17. Rab1 Rab8 18. Qg3 Kh7 19. Bxb5 Nxe5 20. Qxe5 f6 21. Qg3 Bxb5 22. Nxb5 Rxb5 23. Rxb5 Qxb5 24. Qd6 Kg7 25. Qxe6 d4 26. cxd4 Re8 27. Qd6 Re2+ 28. Kc3 Qa5+ 29. Kb2 Qb5+ 30. Ka1 Qc4 31. Rc1 Rxf2 32. Qe7+ Kg8 33. Qe3 Re2 34. Qb3 Qxb3 35. axb3 Rxg2 36. c4 Kf7 37. c5 Ke7 38. Re1+ Kd7 39. d5 Rd2 40. Re6 Rxd5 41. Rxf6 Rxc5 42. Rxg6 1/2-1/2

[Event "IECC KO email"]
[Site "IECC email"]
[Date "1998.11.29"]
[Round "?"]
[White "Hughes, David M"]
[Black "Mraz, Miroslav"]
[Result "0-1"]
[WhiteElo "2011"]
[BlackElo "2173"]
[PlyCount "72"]
[EventDate "1998.??.??"]
[EventType "tourn (corr)"]
[EventRounds "6"]
[SourceTitle "Corr 2008"]
[Source "ChessBase"]
[SourceDate "2008.06.24"]
[SourceVersion "1"]
[SourceVersionDate "2008.06.24"]
[SourceQuality "1"]

1. e4 e6 2. d4 d5 3. Nd2 Nf6 4. e5 Nfd7 5. c3 c5 6. Bb5 Qb6 7. Qa4 a6 8. Bd3 Nc6 9. Ne2 cxd4 10. cxd4 f6 11. f4 Be7 12. a3 0-0 13. Nf3 Rd8 14. b4 Nf8 15. 0-0 Bd7 16. Qb3 Be8 17. Be3 Rac8 18. Rac1 Bh5 19. Qb2 Bg6 20. exf6 Bxf6 21. Qd2 Bxd3 22. Qxd3 Ne7 23. Ne5 Rxc1 24. Rxc1 Rc8 25. Rxc8 Nxc8 26. Ng6 Nxg6 27. Qc2 Nd6 28. Qc5 Qxc5 29. bxc5 Nc4 30. Kf2 Nxa3 31. g4 Nc2 32. g5 Nxe3 33. Kxe3 Bd8 34. Nc3 Kf7 35. h3 Ba5 36. Ne2 Bc7 0-1